Formel 1 Podium 1965 - Statistiken

Allgemein
  • Dieses Quiz wurde 36 mal gespielt
  • Das Durchschnittsergebnis liegt bei 7 aus 10
Antwortstatistiken
Antwort % Korrekt
Jim Clark
100%
Jack Brabham
91%
John Surtees
86%
Graham Hill
82%
Bruce Mclaren
68%
Jackie Stewart
68%
Dan Gurney
64%
Lorenzo Bandini
55%
Richie Ginther
55%
Mike Spence
9%
Keine übereinstimmenden Quizze gefunden
Verteilung der Resultate
Anzahl Personen mit jedem Resultat
Perzentil nach korrekt beantworteten Fragen
Ihre Resultats-Entwicklung
Sie haben dieses Quiz noch nicht gespielt